000 01894nam a22002297a 4500
001 216222711
003 UA-OsUOA
005 20220818151737.0
008 220818b un ||||f |||| 00| 0 ukr d
040 _aUA-OsUOA
_bukr
_cUA-OsUOA
_dUA-OsUOA
041 _aukr
080 _a81
090 _a81
_bБ46
100 _aБендарська О. А.
245 _aСтилістичні та лексико-семантичні особливості молодіжного сленгу (на матеріалі онлайн журналу "Vogue")
_cБендарська О. А.
260 _aОстрог
_bКАФ
_c2018
300 _a88 с.
520 _aВступ. Розділ 1. Визначення поняття сленг, його масштаби та витоки. 1.1. Етимологія сленгу, причини виникнення та історія розвитку. 1.2. Проблеми перекладу сленгізмів та словники сленгу. Висновки до розділу 1. Розділ 2. Формування та роль застосування сленгу. 2.1. Основні способи творення сленгових виразів. 2.2. Функції сленгу. 2.3. Джерела поповнення сленгу. Висновки до розділу 2. Розділ 3. Класифікація сленгу та його порівняльний аналіз на матеріалі онлайн журналів "Vogue" та "Teen Vogue"/ 3.1. Основні лексико-семантичні поля сленгу. 3.2. Fashion slang у онлайн журналі "Vogue". Висновки. Список використаної літератури. Додатки.
650 _a81 Лінгвістика. Мовознавство. Мови
_2UDC
942 _cBK
_2udc
955 _a1
999 _c285993
_d285993